The art of the novel /

Bibliographic Details
Main Author: Kundera, Milan
Format: Book
Language:English
Published: New York : Grove Press, 1988.
Edition:1st ed.
Subjects:

MARC

Tag First Indicator Second Indicator Subfields
LEADER 00000cam a22000008a 4500
001 in00000020084
005 20240502144300.1
008 870604s1988 nyu 000 0 eng
010 |a  87015564  
020 |a 0802100112 
035 |a (OCoLC)16131922 
035 |9 AAB2919AM 
040 |a DLC  |c DLC  |d TXA  |d UtOrBLW 
041 1 |a eng  |h fre 
049 |a TXAM  |c [A11101086] 
050 0 0 |a PN3453  |b .K8613 1987 
050 4 |a PN3453  |b .K8613 1988 
082 0 |a 809.3  |2 19 
100 1 |a Kundera, Milan. 
240 1 0 |a Art du roman.  |l English 
245 1 4 |a The art of the novel /  |c Milan Kundera ; translated from the French by Linda Asher. 
250 |a 1st ed. 
263 |a 8802 
264 1 |a New York :  |b Grove Press,  |c 1988. 
300 |a 165 pages 
336 |a text  |b txt  |2 rdacontent 
337 |a unmediated  |b n  |2 rdamedia 
338 |a volume  |b nc  |2 rdacarrier 
500 |a The Cushing Library/Basbanes copy contains two pieces of ephemera. 
500 |a Translation of: L'art du roman. 
500 |a The Cushing Library/Basbanes Collection copy is part of the Nicholas A. Basbanes Collection. 
541 0 |a Donated by Nicholas A. Basbanes  |d 20151124. 
650 0 |a Fiction  |x History and criticism. 
600 1 0 |a Kundera, Milan  |x Technique. 
650 0 |a Fiction  |x Technique. 
999 |a MARS 
999 f f |s 74e3d321-3ed8-3e5a-b5b5-e83f3598f72a  |i e8c5ae27-9d4e-3133-aeed-0468e0e24f71  |t 0 
952 f f |p normal  |a Texas A&M University  |b College Station  |c Sterling C. Evans Library  |d Evans: Library Stacks  |t 0  |e PN3453 .K8613 1988  |h Library of Congress classification  |i unmediated -- volume  |m A14811101086 
952 f f |p noncirc  |a Texas A&M University  |b College Station  |c Cushing Memorial Library & Archives  |d Cushing: Nicholas Basbanes (Does not check out)  |t 0  |e PN3453 .K8613 1988  |h Library of Congress classification  |i unmediated -- volume  |m A1485324888I 
998 f f |a PN3453 .K8613 1988  |t 0  |l Cushing: Nicholas Basbanes (Does not check out) 
998 f f |a PN3453 .K8613 1988  |t 0  |l Evans: Library Stacks